00293nam a2200109Ia 4500008004100000020001800041040002900059050002400088100001600112245002600128260002900154221222s9999||||xx |||||||||||||| ||und|| a9780826469533 cChuka University Library aHF 5657.4bL83 2003 aLucey,Terry 0aManagement accounting aBook powerbLondonc2003